000 00199 a2200097 4500
020 _a9789992474143
041 _aspa
100 _aGranados,Ruiz Maritza
245 _aCiencias naturales 6to
942 _cBK
999 _c1191
_d1191